000
00253nam a22001217a 4500
003
SGT
082
_a
616.995
_b
P15F
100
_a
FOSTER, JIM
245
_a
PULMONARY HYPERTENSION
260
_a
JERSEY
_b
FA PUB
_c
2015
300
_a
231
942
_2
ddc
_c
BK
999
_c
14824
_d
14824